000 00303nam a2200145Ia 4500
100 _aPile/John
650 _aGeneral
942 _cBK
654 _aOffice Space
245 _aOpen Office Space
260 _bFacts On Fil Inc.
_aNew York
_c1984
082 _a747.8
300 _a96
546 _aENGLISH
999 _c25110
_d25110